| 000 | 00909nam a22002657a 4500 | ||
|---|---|---|---|
| 003 | IIN | ||
| 005 | 20250506123950.0 | ||
| 008 | 250506s2022 |||ad||| |||| 000 0 eng d | ||
| 020 |
_a9788131269237 _cRs.3150.00 |
||
| 040 | _aIIN | ||
| 082 |
_a610.72699 _bHAR |
||
| 100 | _aHarding, Mariann M. | ||
| 245 |
_aLewis's Adult Health Nursing-I _bwith Integrated Pathophysiology (Sem-III)/ _cMariann M. Harding; edited by Chintamani, L. Gopichandran and Mrinalini Mani |
||
| 250 |
_a5th ed _bSouth Asia Edition |
||
| 260 |
_aNew Delhi _bElsevier _c2022 |
||
| 300 |
_axxviii, 1342 [19] p./ v.1 _bcol. ill. |
||
| 500 | _aIncludes Appendix | ||
| 505 | _aSection Editors: Jeffrey Kwong; Debra Hagler & Courtney Reinsch | ||
| 650 |
_aAdult Health _vNursing |
||
| 650 |
_aMedical Surgical _vNursing |
||
| 700 | _aChintamani (ed) | ||
| 700 | _aGopichandran, L. (ed) | ||
| 700 | _aMani, Mrinalini (ed) | ||
| 942 | _cBOOK | ||
| 999 |
_c1801 _d1801 |
||